| 000 | 00456nam a22001697a 4500 | ||
|---|---|---|---|
| 999 |
_c16662 _d16662 |
||
| 008 | 180208b xxu||||| |||| 00| 0 eng d | ||
| 020 | _a0198705277 | ||
| 040 |
_aKABU _cKABU |
||
| 050 |
_aKD7499 _b.C48 2015 c. 1 |
||
| 100 | _aChoo, Andrew L-T | ||
| 245 |
_aEvidence _cAndrew L-T Choo |
||
| 250 | _a4th ed. | ||
| 260 |
_aOxford _bOxford University Press _c2015 |
||
| 300 | _axli, 444 p. | ||
| 650 | _aEvidence | ||
| 942 |
_2lcc _cBK _e4th ed. _hKD7499 |
||